Coleoptera. 2, Holyvák 7. Staphylinidae 8 /
Uložené v:
| Hlavný autor: | |
|---|---|
| Médium: | Kniha |
| Jazyk: | Hungarian |
| Vydané: |
Budapest :
Akadémiai Kiadó,
1993.
|
| Vydanie: | 1. kiad. |
| Edícia: | Magyarország álatvilága
7. kötet |
| Témy: | |
| ISBN: |
9630564262 (brož.) |
| Fyzický popis: |
Preruš. str. |
| Tagy: |
Pridať tag
Žiadne tagy, Buďte prvý kto otaguje tento záznam!
|
Titul je dostupný aj v ... 

MARC
| LEADER | 00000nam a2200000 a 4500 | ||
|---|---|---|---|
| 001 | 000074939 | ||
| 003 | SVKK | ||
| 005 | 20120320082553.0 | ||
| 008 | 990714s1993 hu e 000 0 hun d | ||
| 020 | |a 9630564262 (brož.) | ||
| 040 | |a SVKKK |b slo |c SVKKK |e AACR2 | ||
| 041 | 0 | |a hun | |
| 044 | |a hu |c HU | ||
| 080 | |a 595.763.33 |2 1997 | ||
| 100 | 1 | |a Tóth, László, |d 1937- | |
| 245 | 1 | 0 | |a Coleoptera. |n 2, |p Holyvák 7. |p Staphylinidae 8 / |c László Tóth. |
| 246 | 3 | 0 | |a Holyvák 7 |
| 246 | 3 | 0 | |a Staphylinidae 8 |
| 250 | |a 1. kiad. | ||
| 260 | |a Budapest : |b Akadémiai Kiadó, |c 1993. | ||
| 300 | |a Preruš. str. | ||
| 490 | 1 | |a Magyarország álatvilága |v 7. kötet | |
| 653 | 0 | |a drobčíkovité |2 SVKKKPH | |
| 653 | 0 | |a monografie |2 SVKKKPH | |
| 655 | 7 | |a monografie |2 SVKKKPH | |
| 830 | 0 | |a Magyarország álatvilága |v 7. kötet | |
| 910 | |a svkkk | ||
| 919 | |a 963-05-6426-2 | ||
| 974 | |a MI |d 19990714 | ||
| 974 | |a PA |d 19990714 | ||
| 974 | |a PA |d 20010430 | ||
| 998 | |a BK | ||
| 090 | |g SCKHL |k Sklad Pribinova prízemie |a IV.166358 |j 872624 |i 74939-10 |s Absenčne | ||